00690nam a2200181 u 450000100100000000500170001000800410002704000250006808200160009310000350010924500720014426000420021630000280025859000270028650000320031395201460034599900170049100002048120200930011122.0100809s199u dr a r 000 0 spa d aDO-SdBNPbspacBNPHU axxxxbA795h1 aArvelo, Jackelynd1963-94316710aHistoria de Santo Domingo :b3,000 A. C. - 1586 /cJackelyn Arvelo. aSanto Domingo :bMundilibro,c[199?]. a144 p :bil. ;c210 cm. aInventariado, 2019/ YL aIncluye indice onomástico 0010718PDaPDbPDcCTd2019-07-19iLF1l0oxxxx A795hp20481-10r2020-06-25w2020-06-25yLFPDzDonación Familia Reyes DulucZNo se presta c19985d19985